| 000 | 00432nam a22001577a 4500 | ||
|---|---|---|---|
| 003 | OSt | ||
| 005 | 20260617100448.0 | ||
| 008 | 260617b |||||||| |||| 00| 0 eng d | ||
| 040 | _cDLC | ||
| 050 |
_a225.9 _bSCH378P |
||
| 082 |
_a225.9 _bSCH378P |
||
| 245 |
_aPaul, Apostle of God's glory in Christ: _bA Pauline Theology/ _cby Thomas R. Schreiner |
||
| 260 |
_aUSA: _bInter Varsity Press, _c2001. |
||
| 300 | _a504p. | ||
| 942 |
_2ddc _cBK |
||
| 999 |
_c11650 _d11650 |
||